|
|
|
|
| LEADER |
01889nam a2200433 i 4500 |
| 001 |
EBC1580899 |
| 003 |
MiAaPQ |
| 005 |
20200520144314.0 |
| 006 |
m o d | |
| 007 |
cr cnu|||||||| |
| 008 |
131226s2013 enk ob 001 0 eng d |
| 020 |
|
|
|z 9781472412447
|
| 020 |
|
|
|a 9781472412454
|q (electronic bk.)
|
| 020 |
|
|
|a 9781472412461
|q (electronic bk.)
|
| 035 |
|
|
|a (MiAaPQ)EBC1580899
|
| 035 |
|
|
|a (Au-PeEL)EBL1580899
|
| 035 |
|
|
|a (CaPaEBR)ebr10818869
|
| 035 |
|
|
|a (CaONFJC)MIL922531
|
| 035 |
|
|
|a (OCoLC)866443762
|
| 040 |
|
|
|a MiAaPQ
|b eng
|e rda
|e pn
|c MiAaPQ
|d MiAaPQ
|
| 050 |
|
4 |
|a HD60
|b .U936 2013
|
| 082 |
0 |
|
|a 658.408
|2 23
|
| 100 |
1 |
|
|a Uyan-Atay, Bilge.
|
| 245 |
1 |
0 |
|a Corporate community involvement :
|b a visible face of CSR in practice /
|c Bilge Uyan-Atay.
|
| 264 |
|
1 |
|a Surrey, England ;
|a Burlington, Vermont :
|b Gower,
|c 2013.
|
| 264 |
|
4 |
|c 2013
|
| 300 |
|
|
|a 1 online resource (220 pages).
|
| 336 |
|
|
|a text
|2 rdacontent
|
| 337 |
|
|
|a computer
|2 rdamedia
|
| 338 |
|
|
|a online resource
|2 rdacarrier
|
| 440 |
|
0 |
|a Corporate social responsibility series
|
| 504 |
|
|
|a Includes bibliographical references and index.
|
| 588 |
|
|
|a Description based on online resource; title from PDF title page (ebrary, viewed December 26, 2013).
|
| 590 |
|
|
|a Electronic reproduction. Ann Arbor, MI : ProQuest, 2015. Available via World Wide Web. Access may be limited to ProQuest affiliated libraries.
|
| 650 |
|
0 |
|a Corporations
|x Public relations
|x Management.
|
| 655 |
|
4 |
|a Electronic books.
|
| 776 |
0 |
8 |
|i Print version:
|a Uyan-Atay, Bilge.
|t Corporate community involvement : a visible face of CSR in practice.
|d Surrey, England ; Burlington, Vermont : Gower, c2013
|h xvi, 203 pages
|k Corporate social responsibility series.
|z 9781472412447
|
| 797 |
2 |
|
|a ProQuest (Firm)
|
| 856 |
4 |
0 |
|u https://ebookcentral.proquest.com/lib/matrademy/detail.action?docID=1580899
|z Click to View
|